| 000 | 00519nam a2200181Ia 4500 | ||
|---|---|---|---|
| 008 | 240925s9999 xx 000 0 und d | ||
| 020 | _a9781259097348 | ||
| 082 | _a330.0151 CHI | ||
| 100 | _aChiang, Alpha C. | ||
| 245 | 0 | _aFundamental Methods of Mathematical Economics | |
| 250 | _a4th | ||
| 260 |
_aNew Delhi: _bMcGraw Hill Education (India) Private Limited _c,2005. |
||
| 300 |
_axviii,610p. _b0 _fOriginal |
||
| 500 | _aIncludes Index | ||
| 600 | _aSocial Sciences | ||
| 650 | _aSocial Sciences | ||
| 942 | _cBK | ||
| 999 |
_c14660 _d14660 |
||